MyGZULibrary

Gender mainstreaming in trade and industry : (Record no. 3687)

MARC details
000 -LEADER
fixed length control field 01286cam a22003374a 4500
001 - CONTROL NUMBER
control field 12891609
003 - CONTROL NUMBER IDENTIFIER
control field GZU
005 - DATE AND TIME OF LATEST TRANSACTION
control field 20201204104334.0
008 - FIXED-LENGTH DATA ELEMENTS--GENERAL INFORMATION
fixed length control field 020812s1999 enk b 000 0 eng
010 ## - LIBRARY OF CONGRESS CONTROL NUMBER
LC control number 2002442773
020 ## - INTERNATIONAL STANDARD BOOK NUMBER
International Standard Book Number 0850926041
040 ## - CATALOGING SOURCE
Original cataloging agency DLC
Transcribing agency DLC
042 ## - AUTHENTICATION CODE
Authentication code pcc
043 ## - GEOGRAPHIC AREA CODE
Geographic area code b------
050 00 - LIBRARY OF CONGRESS CALL NUMBER
Classification number HQ 1101
Item number TAR 1999
100 1# - MAIN ENTRY--PERSONAL NAME
Personal name O'Regan Tardu, Louise.
245 10 - TITLE STATEMENT
Title Gender mainstreaming in trade and industry :
Remainder of title a reference manual for governments and other stakeholders /
Statement of responsibility, etc. Louise O'Regan Tardu.
260 ## - PUBLICATION, DISTRIBUTION, ETC.
Place of publication, distribution, etc. London :
Name of publisher, distributor, etc. Commonwealth Secretariat,
Date of publication, distribution, etc. c1999.
300 ## - PHYSICAL DESCRIPTION
Extent 55 p. :
Dimensions 30 cm.
440 #0 - SERIES STATEMENT/ADDED ENTRY--TITLE
Title Gender management system series
504 ## - BIBLIOGRAPHY, ETC. NOTE
Bibliography, etc. note Includes bibliographical references (p. 41-42).
650 #0 - SUBJECT ADDED ENTRY--TOPICAL TERM
Topical term or geographic name entry element Women
General subdivision Employment
Geographic subdivision Commonwealth countries.
650 #0 - SUBJECT ADDED ENTRY--TOPICAL TERM
Topical term or geographic name entry element Women executives
Geographic subdivision Commonwealth countries.
650 #0 - SUBJECT ADDED ENTRY--TOPICAL TERM
Topical term or geographic name entry element Women in the civil service
Geographic subdivision Commonwealth countries.
650 #0 - SUBJECT ADDED ENTRY--TOPICAL TERM
Topical term or geographic name entry element Women government executives
Geographic subdivision Commonwealth countries.
650 #0 - SUBJECT ADDED ENTRY--TOPICAL TERM
Topical term or geographic name entry element Affirmative action programs
Geographic subdivision Commonwealth countries.
650 #0 - SUBJECT ADDED ENTRY--TOPICAL TERM
Topical term or geographic name entry element Sex discrimination in employment
Geographic subdivision Commonwealth countries.
906 ## - LOCAL DATA ELEMENT F, LDF (RLIN)
a 7
b cbc
c orignew
d 2
e ncip
f 20
g y-gencatlg
942 ## - ADDED ENTRY ELEMENTS (KOHA)
Source of classification or shelving scheme Library of Congress Classification
Koha item type Books
Classification part 1101
Item part TAR
Call number prefix HQ
Holdings
Withdrawn status Lost status Damaged status Not for loan Collection code Home library Current library Shelving location Date acquired Inventory number Total Checkouts Full call number Barcode Date last seen Price effective from Koha item type
        Non-fiction City Campus Library City Campus Library General Stacks 12/04/2020 2941   HQ 1101 TAR 1999 B017766 12/04/2020 12/04/2020 Books